| 000 | 00786nam a2200217Ii 4500 | ||
|---|---|---|---|
| 003 | JO-AjNU | ||
| 008 | 230605s9999||||xx |||||||||||||| ||und|| | ||
| 017 | _a 2002/9160 | ||
| 020 | _a977-01-7817-9 | ||
| 040 |
_aJO-AjNU _bara _erda _cJO-AjNU |
||
| 041 | _aara | ||
| 050 | 1 | 4 | _aAC106.D3738.2002 |
| 100 | 3 |
_aدرويش،هداية, _eauthor _98023 |
|
| 245 | 0 | 0 | _aحوارات في الثقافة والسياسة والأدب |
| 264 | 3 | 1 | _aالقاهرة:الهيئة المصرية العامة للكتاب ،2002 |
| 300 | _a475ص | ||
| 336 |
_atext _btxt _2rdacontent |
||
| 337 |
_aunmediated _bn _2rdamedia |
||
| 338 |
_avolume _bnc _2rdacarrier |
||
| 650 | 4 |
_aالمقالات العامة العربية-الثقافة العربية-الادب العربي-السياسة _98024 |
|
| 999 |
_aA577 _c4145 _d4145 |
||